| 000 -LEADER | |
|---|---|
| fixed length control field | 00390nam a22001457a 4500 |
| 005 - DATE AND TIME OF LATEST TRANSACTION | |
| control field | 20240109102629.0 |
| 008 - FIXED-LENGTH DATA ELEMENTS--GENERAL INFORMATION | |
| fixed length control field | 190405b xxu||||| |||| 00| 0 eng d |
| 020 ## - INTERNATIONAL STANDARD BOOK NUMBER | |
| ISBN | 978-81-85790-33-6 |
| 041 ## - LANGUAGE CODE | |
| Language code of text/sound track or separate title | eng |
| 100 ## - MAIN ENTRY--AUTHOR NAME | |
| Personal name | SHAH, Y. I. ,PARADKAR,DR. A.R AND DHAYAGUDE ,M.G. |
| 245 ## - TITLE STATEMENT | |
| Title | BIOSTISTICS AND COMPUTER SCIENCE |
| 260 ## - PUBLICATION, DISTRIBUTION, ETC. (IMPRINT) | |
| Place of publication | PUNE |
| Name of publisher | NIRALI PRAKASHAN |
| 300 ## - PHYSICAL DESCRIPTION | |
| Number of Pages | i.2P, |
| 942 ## - ADDED ENTRY ELEMENTS (KOHA) | |
| Koha item type | Books |
| Lost status | Damaged status | Collection code | Home library | Current library | Shelving location | Date acquired | Source of acquisition | Cost, normal purchase price | Accession Number | Koha item type |
|---|---|---|---|---|---|---|---|---|---|---|
| PHARMACY | JRU Library | JRU Library | Shelf - 25- H | 05/04/2019 | PURCHESS | 235.00 | 22641 | Books | ||
| PHARMACY | JRU Library | JRU Library | Shelf - 25- H | 05/04/2019 | PURCHESS | 235.00 | 22642 | Books | ||
| PHARMACY | JRU Library | JRU Library | Shelf - 25- H | 05/04/2019 | PURCHESS | 235.00 | 22643 | Books | ||
| PHARMACY | JRU Library | JRU Library | Shelf - 25- H | 05/04/2019 | PURCHESS | 235.00 | 22644 | Books | ||
| Reference | JRU Library | JRU Library | SHELF-3-E | 05/04/2019 | PURCHESS | 235.00 | 22645 | Books |